| 000 | 00635nam a2200181 a 4500 | ||
|---|---|---|---|
| 001 | 000040089 | ||
| 005 | 20201002033918.0 | ||
| 008 | 130806s1994 ag 000 0 spa d | ||
| 020 | _a9505342365 | ||
| 040 |
_aDO-SdBNP _bspa _cBNPHU |
||
| 100 | 1 |
_aSarmiento, Domingo Faustino _966352 |
|
| 245 | 1 | 0 |
_aArgirópolis / _cDomingo Faustino Sarmiento ;estudios preliminar y prólogo de Félix Weinberg. |
| 260 |
_aBuenos Aires : _bSecretaría de Cultura de la Nación _bA-Z, Editores, _c1994. |
||
| 300 |
_a125 p. ; _c20 cm. |
||
| 490 | 1 | _aIdentidad nacional | |
| 700 | 1 |
_aWeinberg, Félix _epról. _966353 |
|
| 830 | 0 |
_aIdentidad nacional _966354 |
|
| 999 |
_c39579 _d39579 |
||